期刊信息 |
| 索取号 |
C5/XAJY
|
| 题名 |
西安教育学院学报
|
| 作者 |
|
| 分册号 |
|
| 分册名 |
|
| 出版地 |
陕西
|
| 出版者 |
|
| 标准刊号 |
|
| 出版频率 |
季刊
|
| 中图法分类 |
C5
|
| 主题词 |
社会科学 丛书; 社会科学 文集; 社会科学 连续出版物
|
| 电子资源 | |
| |
|
| 000 | 00445nas0 2200181 45 | |
| 001 | 0752072011 | |
| 005 | 20070417142835.51 | |
| 100 | @a20070417d km y0chiy0120 ea | |
| 101 | 0 | @achi |
| 200 | 1 | @a西安教育学院学报@AXi An Jiao Yu Xue Yuan Xue Bao |
| 210 | @a陕西 | |
| 326 | @a季刊 | |
| 606 | 0 | @a社会科学@x丛书 |
| 606 | 0 | @a社会科学@x文集 |
| 606 | 0 | @a社会科学@x连续出版物 |
| 690 | @aC5@v4 | |
| 801 | 0 | @aCN@bPFT@c20070417 |
| 905 | @aTJWY@dC5@eXAJY | |
| 西安教育学院学报.-陕西 |
| ● |
| 相关链接: |
|
|
|
|